| 000 | 00390nam a2200169Ia 4500 | ||
|---|---|---|---|
| 999 |
_c10382 _d10382 |
||
| 003 | OSt | ||
| 005 | 20220315143811.0 | ||
| 008 | 220308s9999 xx 000 0 und d | ||
| 020 | _a9788190852838 | ||
| 082 |
_a371 _bJAI |
||
| 100 | _a Kulbhushan Jain | ||
| 245 | 0 | _aLearning Architecture | |
| 260 | _b AADI CENTRE (1 January 2019) | ||
| 365 | _cINR | ||
| 365 | _d2495 | ||
| 942 | _2ddc | ||